Biblioteca y Centro de Documentación

El cambio de poder en las relaciones de género está en marcha (Registro nro. 45763)

Detalles MARC
000 -CABECERA
Longitud fija campo de control 01049nam a2200289 4500
001 - NÚMERO DE CONTROL
Número de control 45763
003 - IDENTIFICADOR DE NÚMERO DE CONTROL
Identificador del número de control ES-MaCES
005 - FECHA Y HORA DE LA ÚLTIMA TRANSACCIÓN
Fecha y hora de la última transacción 20150925133527.0
008 - CAMPO FIJO DE DESCRIPCIÓN FIJA--INFORMACIÓN GENERAL
Códigos de información de longitud fija   150205s2014 sp ||||| |||||||| ||spa d
040 ## - FUENTE DE CATALOGACIÓN
Centro catalogador de origen ES-MaCES
Lengua de catalogación spa
Centro transcriptor ES-MaCES
100 1# - ENCABEZAMIENTO PRINCIPAL--NOMBRE PERSONAL
9 (RLIN) 35611
Nombre de persona Maitland, Alison
245 13 - MENCIÓN DE TÍTULO
Título El cambio de poder en las relaciones de género está en marcha
Mención de responsabilidad, etc. Alison Maitland
650 #4 - ASIENTO SECUNDARIO DE MATERIA--TÉRMINO DE MATERIA
9 (RLIN) 28657
Término de materia o nombre geográfico como elemento inicial mujeres
650 #4 - ASIENTO SECUNDARIO DE MATERIA--TÉRMINO DE MATERIA
9 (RLIN) 29357
Término de materia o nombre geográfico como elemento inicial junta de dirección
650 #4 - ASIENTO SECUNDARIO DE MATERIA--TÉRMINO DE MATERIA
9 (RLIN) 28192
Término de materia o nombre geográfico como elemento inicial alta dirección
650 #4 - ASIENTO SECUNDARIO DE MATERIA--TÉRMINO DE MATERIA
9 (RLIN) 29566
Término de materia o nombre geográfico como elemento inicial segmentación del mercado de trabajo
650 #4 - ASIENTO SECUNDARIO DE MATERIA--TÉRMINO DE MATERIA
9 (RLIN) 30610
Término de materia o nombre geográfico como elemento inicial potenciación de las mujeres
650 #4 - ASIENTO SECUNDARIO DE MATERIA--TÉRMINO DE MATERIA
9 (RLIN) 30649
Término de materia o nombre geográfico como elemento inicial igualdad de oportunidades en el empleo
650 #4 - ASIENTO SECUNDARIO DE MATERIA--TÉRMINO DE MATERIA
9 (RLIN) 30332
Término de materia o nombre geográfico como elemento inicial planificación corporativa
650 #4 - ASIENTO SECUNDARIO DE MATERIA--TÉRMINO DE MATERIA
9 (RLIN) 28270
Término de materia o nombre geográfico como elemento inicial competitividad
653 10 - TÉRMINO DE INDEXACIÓN--NO CONTROLADO
Término no controlado Mujer
650 #4 - ASIENTO SECUNDARIO DE MATERIA--TÉRMINO DE MATERIA
9 (RLIN) 28178
Término de materia o nombre geográfico como elemento inicial empresa
650 #4 - ASIENTO SECUNDARIO DE MATERIA--TÉRMINO DE MATERIA
9 (RLIN) 30601
Término de materia o nombre geográfico como elemento inicial estrategia empresarial
773 0# - ENTRADA DE DOCUMENTO FUENTE
Itemnumber del ítem fuente 82566
Lugar, editor y fecha de publicación [Bilbao] Fundación BBVA [2014]
Otro identificador del documento 085469
Título reinvertar la empresa
Número de control del registro relacionado (ES-MaCES)45761
Número Internacional Normalizado para Libros (ISBN) 9788416142910
Parte(s) relacionada(s) p. 197-215 . - SG-0.0.-733
902 ## - CES. TIPO DE DOCUMENTO
Tipodoc (006$c Sirtex) ARL Artículo de libro
942 ## - ELEMENTOS KOHA
Fuente de clasificaión o esquema Clasificación propia del CES
Koha [por defecto] tipo de item Artículos (1982-2017)
Parte de clasificación Asuntos Sociales

No hay ítems disponibles.

© CES, Consejo Económico y Social de España 2021